Culture générale. Première lettre offerte. - Statistiques

Statistiques générales
  • Ce quiz a été pris 337 fois
  • Le résultat moyen est 7 sur 26
Statistiques - réponses
Première lettre Indice Réponse % Correct
G figure animal ou humaine servant de gouttière gargouille
66%
L ma capitale est Monrovia Libéria
56%
W état américain au sud du Montana Wyoming
51%
T fils d'Ulysse Télémaque
49%
O voisin de l'avarice et de l'envie orgueil
46%
J gouvernement militaire, après un coup d'état junte
45%
Q état australien Queensland
45%
I de Carthage, de Suez, de Courlande, de Kra isthme
40%
H arbuste à feuillage persistant houx
34%
Y voisin du citron vert Yuzu
31%
U ville mésopotamienne Ur
27%
D président français protestant (1924-1931) Doumergue (Gaston)
24%
N peuple amérindien d'amérique du nord navajos
23%
Z La grange, Gimme all your lovin' ZZ Top
23%
K cavité pathologique kyste
20%
R fils des âges farouches Rahan
20%
A recueil en forme de cahier album
12%
C écoduc pour crapauds et autres batraciens crapauduc
12%
B le tifinagh est l'alphabet de son peuple berbère
11%
E naissance de l'aspic éclosion
9%
P 10^15 péta
8%
M adresse physique d'une carte réseau mac
6%
V race fictive originaire du Quadrant Beta Vulcain
5%
F après la lambada et la soca, voici la ? © les inconnus foumoila
4%
S GIGN côté russe spetsnaz
3%
X devise déposée dans une banque étrangère au pays Xénodevise
0%
Aucun quiz correspondant
Distribution des résultats
% des personnes avec chaque résultat
Percentile par nombre de réponses
Votre historique - résultats
Vous n’avez pas pris ce quiz